000 00808cam a2200229 4500
005 20160613111148.0
008 020704s2002 ck a r 00010dspa d
020 _a9583009407
040 _ala
_cla
_dCO-BoIAVH
041 0 _aspa
044 _ack
082 0 4 _a001.42
_bM47m
100 1 _aMayorga Rodríguez, Carolina.
_eautora
245 1 0 _aMetodología de la investigación /
_cCarolina Mayorga Rodríguez ; Editado por Mireya Fonseca Leal.
260 _aBogotá :
_bPanamericana Editorial,
_c2002.
300 _a127 páginas :
_bilustraciones ;
_c23 x 17 cm.
504 _aIncluye referencias bibliográficas.
650 1 6 _aMetodología científica
650 2 6 _aInvestigación
_xEnseñanza
700 1 _aFonseca Leal, Raquel Mireya,
_eeditora
942 _2ddc
_cLIBRO
999 _c18796
_d18796